Introduction a une phénoménologie de notre époque
Uloženo v:
| Hlavní autor: | |
|---|---|
| Médium: | Kniha |
| Jazyk: | francouzština |
| Vydáno: |
París
Hermann
1949
|
| Edice: | Actualités Scientifiques et Industrielles, 1085. Etudes Philsophiques, II
|
| Témata: | |
| Tagy: |
Přidat tag
Žádné tagy, Buďte první, kdo vytvoří štítek k tomuto záznamu!
|
MARC
| LEADER | 00000nam a2200000 a 4500 | ||
|---|---|---|---|
| 001 | UCZ3975 | ||
| 003 | CL-VaPUC | ||
| 008 | 951027e19490000FR |||||||||||||||||fre|d | ||
| 082 | 0 | 4 | |a 142.7 |b CAS |2 21 |
| 100 | |a Castelli, Enrico |e author |9 329687 | ||
| 245 | 1 | 0 | |a Introduction a une phénoménologie de notre époque |
| 300 | |a 88 p | ||
| 942 | |c BK | ||
| 945 | |d 19951027 00:00:00 |a lriquelm | ||
| 260 | |a París |b Hermann |c 1949 | ||
| 650 | 0 | |a Fenomenología |9 256519 | |
| 650 | 0 | |a Filosofía moderna |9 258121 | |
| 650 | 0 | |a Ética |9 255099 | |
| 650 | 0 | |a Existencialismo |9 265698 | |
| 583 | |a last modification |c 19951027 00:00:00 |k Rodrigo Vera | ||
| 490 | 0 | |a Actualités Scientifiques et Industrielles, 1085. Etudes Philsophiques, II | |
| 999 | |c 240414 |d 240412 | ||
| 952 | |0 0 |1 0 |4 0 |6 142_700000000000000_CAS_1949 |7 0 |8 P |9 252276 |a BIBEDU |b BIBEDU |c BIBEDU_PB |d 2019-11-18 |i 1593307 |o 142.7 CAS 1949 |p 1593307 |r 2024-01-25 |w 2019-11-18 |y BK |k FIL | ||